La recta final de las elecciones
Gardado en:
| Autor Corporativo: | |
|---|---|
| Formato: | Texto |
| Publicado: |
Alajuela:
El Instituto
|
| Materias: | |
| Etiquetas: |
Engadir etiqueta
Sen Etiquetas, Sexa o primeiro en etiquetar este rexistro!
|
MARC
| LEADER | 00000 a a2200000 04500 | ||
|---|---|---|---|
| 001 | 14425 | ||
| 003 | |||
| 040 | |a CRAI/IIS |c CRAI/IIS | ||
| 090 | |a 023100 | ||
| 110 | |a Instituto Histórico Centroamericano (Nicaragua) | ||
| 245 | |a La recta final de las elecciones | ||
| 260 | |a Alajuela: |b El Instituto | ||
| 300 | |a 9 p. | ||
| 650 | |a ELECCIONES | ||
| 999 | |c 16864 |d 16864 | ||
